Estadísticas para Banderas de Países que Limitan con Rusia

Haz click aquí para intentar la prueba.

Estadísticas generales

  • Esta prueba ha sido intentada 5.504 veces
  • La puntuación promedio es 13 de 14

Estadísticas de respuestas

Respuesta% Correcto
China
100%
Ucrania
98%
Finlandia
97%
Noruega
96%
Polonia
96%
Estonia
92%
Georgia
91%
Corea del Norte
89%
Kazajistán
88%
Bielorrusia
85%
Letonia
82%
Mongolia
82%
Lituania
81%
Azerbaiyán
75%

Distribución de puntuación

Porcentaje por número respondido

Porcentaje de gente con cada puntuación

Historial de tus puntuaciones

No has intentado esta prueba.